Normal view MARC view
  • Subbaiah P.V. & Rao R.S

Entry Personal Name

Number of records used in: 1

001 - CONTROL NUMBER

  • control field: 191978

003 - CONTROL NUMBER IDENTIFIER

  • control field: OSt

005 - DATE AND TIME OF LATEST TRANSACTION

  • control field: 20230714213853.0

008 - FIXED-LENGTH DATA ELEMENTS

  • fixed length control field: 230714|| aca||aabn | a|a d

040 ## - CATALOGING SOURCE

  • Original cataloging agency: OSt
  • Transcribing agency: OSt

100 ## - HEADING--PERSONAL NAME

  • Personal name: Subbaiah P.V. & Rao R.S

670 ## - SOURCE DATA FOUND

  • Source citation: Work cat.: (OSt)203439: Subbaiah P.V. 191977, Antennas And Wave Propagation, 2010